Os 20 jogos mais vendidos do Super Nintendo - Statistics

Estatísticas Gerais
  • Esse quiz foi jogado 21 vezes
  • A pontuação média é 7 de 20
Estatísticas das Respostas
Posição Resposta Vendas (Mi) Ano % Correto
1 Super Mario World 20,61 1990
94%
4 Super Mario Kart 8,76 1992
81%
7 The Legend of Zelda - A Link To The Past 4,61 1991
56%
3 Donkey Kong Country 9,3 1994
50%
6 Donkey Kong Country 2 - Diddy's Kong Quest 5,15 1995
44%
10 Donkey Kong Country 3 - Dixie's Kong Double Trouble! 3,51 1996
44%
5 Street Fighter II - The World Warrior 6,3 1992
44%
2 Super Mario All-Stars 10,55 1993
44%
8 Super Mario World 2 - Yoshi's Island 4,12 1995
38%
20 Chrono Trigger 2,03 1995
31%
15 F-Zero 2,85 1992
31%
14 Star Fox 2,99 1993
31%
19 Super Mario RPG 2,14 1996
25%
18 Mario Paint 2,31 1992
19%
16 Dragon Quest V 2,8 1992
13%
13 Dragon Quest VI 3,2 1995
13%
17 Final Fantasy V 2,45 1992
13%
11 Final Fantasy VI 3,42 1994
13%
12 Killer Instinct 3,2 1995
13%
9 Street Fighter II Turbo: Hyper Fighting 4,1 1993
13%
Nenhum quiz correspondente encontrado
Distribuição das Pontuações
Porcentagem de Pessoas com Cada Pontuação
Percentil de Números Respondidos
Sua Pontuação Histórica
Você não jogou esse quiz